مكتبة جامعة عجلون الوطنية

فهرس بحث المكتبة

فاعلية برنامج تدريبي قائم على الانشطة الرياضية للحد من الشاط الزائد وتشتت الانتباه لدى الطلبة ذوي صعوبات التعلم = The Effectiveness of a Training Program Based on Sports Activities to Reduce Hyperactivity Disorder and Attention Deficit for Students With L / (Record no. 32255)

MARC details
000 -LEADER
fixed length control field 01390nam a2200241Ii 4500
003 - CONTROL NUMBER IDENTIFIER
control field JO-AjNU
005 - DATE AND TIME OF LATEST TRANSACTION
control field 20240624104519.0
008 - FIXED-LENGTH DATA ELEMENTS--GENERAL INFORMATION
fixed length control field 230605s9999||||xx |||||||||||||| ||und||
040 ## - CATALOGING SOURCE
Original cataloging agency JO-AjNU
Language of cataloging ara
Description conventions rda
Transcribing agency JO-AjNU
041 ## - LANGUAGE CODE
Language code of text/sound track or separate title ara
050 14 - LIBRARY OF CONGRESS CALL NUMBER
Classification number BF321.2022
100 #1 - MAIN ENTRY--PERSONAL NAME
Personal name الهزايمة، مؤيد فيصل محمود
Relator term معد
9 (RLIN) 65524
245 00 - TITLE STATEMENT
Title فاعلية برنامج تدريبي قائم على الانشطة الرياضية للحد من الشاط الزائد وتشتت الانتباه لدى الطلبة ذوي صعوبات التعلم = The Effectiveness of a Training Program Based on Sports Activities to Reduce Hyperactivity Disorder and Attention Deficit for Students With L /
Statement of responsibility, etc. اعداد مؤيد فيصل محمود الهزايمة؛ اشراف محمد احمد شحاده العمري
264 31 - PRODUCTION, PUBLICATION, DISTRIBUTION, MANUFACTURE, AND COPYRIGHT NOTICE
Place of production, publication, distribution, manufacture 2022
300 ## - PHYSICAL DESCRIPTION
Extent 115ص ورقة
336 ## - CONTENT TYPE
Content type term text
Content type code txt
Source rdacontent
337 ## - MEDIA TYPE
Media type term unmediated
Media type code n
Source rdamedia
338 ## - CARRIER TYPE
Carrier type term volume
Carrier type code nc
Source rdacarrier
500 ## - GENERAL NOTE
General note رسالة جامعية(اطروحة ماجستير) تخصص صعوبات التعلم/كلية العلوم التربوية، جامعة عجلون الوطنية، 2022
650 #4 - SUBJECT ADDED ENTRY--TOPICAL TERM
Topical term or geographic name entry element الاطفال ذوي النشاط الزائد-الانتباه-علم النفس التربوي
9 (RLIN) 63266
700 #1 - ADDED ENTRY--PERSONAL NAME
Personal name العمري، محمد احمد شحاده
Relator term مشرف
9 (RLIN) 65526
942 ## - ADDED ENTRY ELEMENTS (KOHA)
Source of classification or shelving scheme Library of Congress Classification
Koha item type Thesis
Holdings
Withdrawn status Lost status Source of classification or shelving scheme Damaged status Not for loan Home library Current library Shelving location Date acquired Total Checkouts Full call number Barcode Date last seen Price effective from Koha item type
    Library of Congress Classification     مكتبة جامعة عجلون الوطنية مكتبة جامعة عجلون الوطنية المراجع 06/06/2023   BF321.2022 A28687 06/06/2023 06/06/2023 Thesis
    Library of Congress Classification     مكتبة جامعة عجلون الوطنية مكتبة جامعة عجلون الوطنية   24/06/2024   BF321 2022 a28686 24/06/2024 24/06/2024 Thesis